000
00293 a2200121 4500
001
63423
082
_a
025.35 COM
090
_c
37479
_d
37479
100
_a
COMS Tech
245
_a
COMS Tech inter Library resource network service (P-Z)
_h
English
250
_a
Vol.IV
260
_b
Comes Tech
942
_a
CAE NUST
_k
025.35 COM
999
_c
298496
_d
298496